[Event "GRE-chT Online Rapid op 1st"]
[Site "Tornelo INT"]
[Date "2021.02.20"]
[Round "2.25"]
[White "Karampasis, Kleitos"]
[Black "Kollias, Ioannis K"]
[Result "0-1"]
[WhiteElo "1164"]
[BlackElo "1721"]
[PlyCount "40"]
[EventDate "2021.02.20"]
[EventType "team-swiss (rapid)"]
[EventRounds "9"]
[EventCountry "GRE"]
[SourceTitle "EXT 2023"]
[Source "ChessBase"]
[SourceDate "2022.10.05"]
[SourceVersion "1"]
[SourceVersionDate "2022.10.05"]
[SourceQuality "1"]

1. e4 e5 2. Nf3 Nc6 3. Bc4 f5 4. d3 Nf6 5. Nc3 Bb4 6. Bg5 h6 7. Bxf6 Qxf6 8. Qe2 Bxc3+ 9. bxc3 d6 10. Rb1 Rb8 11. exf5 Bxf5 12. Bd5 Ne7 13. Bb3 Ng6 14. g3 Bg4 15. Bd5 Ne7 16. Rxb7 Rxb7 17. Bxb7 0-0 18. 0-0 c6 19. Qe3 Bxf3 20. a4 Qf5 0-1